000 00436nam a2200181Ia 4500
001 15536
005 20260306170203.0
008 260306t2009||||xx |||||||||||||| ||und||
041 _aESP
082 _a542.1
_bW79
100 _aWoodfield, Brian F.
_eAUT
245 0 _aLaboratorio virtual de química general
260 _c2009
300 _a240 páginas :
_c27 cm.
650 _aGEN
654 _aCCN
942 _cLIB
_dJUS
_fJUS
_2ddc
_n
999 _c15536
_d15536